| Tag |
First Indicator |
Second Indicator |
Subfields |
| LEADER |
00000cam a2200000Mi 4500 |
| 001 |
in00005525762 |
| 006 |
m o d |
| 007 |
cr cn||||||||| |
| 008 |
171205s2017 enka o 000 0 eng d |
| 005 |
20241108170218.7 |
| 035 |
|
|
|a (OCoLC)on1014010065
|
| 040 |
|
|
|a CRCPR
|b eng
|e rda
|c CRCPR
|d TYFRS
|d OCLCQ
|d TYFRS
|d OCLCO
|d OCLCF
|d OCLCO
|d K6U
|d OCLCQ
|d OCLCO
|d OCLCL
|
| 020 |
|
|
|a 9781315153797
|q (e-book)
|
| 020 |
|
|
|a 1315153793
|
| 020 |
|
|
|a 9781498765930
|q (e-book ;
|q PDF)
|
| 020 |
|
|
|a 1498765939
|
| 035 |
|
|
|a (OCoLC)1014010065
|
| 050 |
|
4 |
|a QA76.9.N37
|
| 082 |
0 |
4 |
|a 006.3/8
|2 23
|
| 049 |
|
|
|a TXAM
|
| 100 |
1 |
|
|a Acharjya, D. P.,
|e author.
|
| 245 |
1 |
0 |
|a Bio-Inspired Computing for Image and Video Processing /
|c D.P. Acharjya.
|
| 250 |
|
|
|a First edition.
|
| 264 |
|
1 |
|a London :
|b Taylor and Francis,
|c 2017.
|
| 300 |
|
|
|a 1 online resource :
|b text file, PDF
|
| 336 |
|
|
|a text
|b txt
|2 rdacontent
|
| 337 |
|
|
|a computer
|b c
|2 rdamedia
|
| 338 |
|
|
|a online resource
|b cr
|2 rdacarrier
|
| 520 |
2 |
|
|a "In recent years bio-inspired computational theories and tools have developed to assist people in extracting knowledge from high dimensional data. These differ in how they take a more evolutionary approach to learning, as opposed to traditional artificial intelligence (AI) and what could be described as 'creationist' methods. Instead bio-inspired computing takes a bottom-up, de-centralized approach that often involves the method of specifying a set of simple rules, a set of simple organisms which adhere to those rules, and of iteratively applying those rules. Bio-Inspired Computing for Image and Video Processing covers interesting and challenging new theories in image and video processing. It addresses the growing demand for image and video processing in diverse application areas, such as secured biomedical imaging, biometrics, remote sensing, texture understanding, pattern recognition, content-based image retrieval, and more. This book is perfect for students following this topic at both undergraduate and postgraduate level. It will also prove indispensable to researchers who have an interest in image processing using bio-inspired computing."--Provided by publisher.
|
| 505 |
0 |
|
|a Part I Bio-Inspired Computing Models and Algorithms -- chapter 1 Genetic Algorithm and BFOA-Based Iris and Palmprint Multimodal Biometric Digital Watermarking Models -- chapter 2 Multilevel Thresholding for Image Segmentation Using Cricket Chirping Algorithm -- chapter 3 Algorithms for Drawing Graphics Primitives on a Honeycomb Model-Inspired Grid -- chapter 4 Electrical Impedance Tomography Using Evolutionary Computing: A Review -- part II Bio-Inspired Optimization Techniques -- chapter 5 An Optimized False Positive Free Video Watermarking System in Dual Transform Domain -- chapter 6 Bone Tissue Segmentation Using Spiral Optimization and Gaussian Thresholding -- chapter 7 Digital Image Segmentation Using Computational Intelligence Approaches -- chapter 8 Digital Color Image Watermarking Using DWT SVD Cuckoo Search Optimization -- chapter 9 Digital Image Watermarking Scheme in Transform Domain Using the Particle Swarm Optimization Technique -- part III Bio-Inspired Computing Applications to Image and Video Processing -- chapter 10 Evolutionary Algorithms for the Efficient Design of Multiplier-Less Image Filter -- chapter 11 Fusion of Texture and Shape-Based Statistical Features for MRI Image Retrieval System -- chapter 12 Singular Value Decomposition-Principal Component Analysis-Based Object Recognition Approach -- chapter 13 The KD-ORS Tree: An Efficient Indexing Technique for Content-Based Image Retrieval -- chapter 14 An Efficient Image Compression Algorithm Based on the Integration of a Histogram Indexed Dictionary and the Huffman Encoding for Medical Images.
|
| 650 |
|
0 |
|a Natural computation.
|
| 650 |
|
0 |
|a Image processing
|x Mathematical models.
|
| 650 |
|
0 |
|a Image analysis
|x Mathematical models.
|
| 650 |
|
6 |
|a Calcul naturel.
|
| 650 |
|
6 |
|a Traitement d'images
|x Modèles mathématiques.
|
| 650 |
|
6 |
|a Analyse d'images
|x Modèles mathématiques.
|
| 650 |
0 |
7 |
|a MATHEMATICS
|x Applied.
|2 bisacsh
|
| 650 |
0 |
7 |
|a TECHNOLOGY & ENGINEERING
|x Imaging Systems.
|2 bisacsh
|
| 650 |
|
7 |
|a Image analysis
|x Mathematical models
|2 fast
|
| 650 |
|
7 |
|a Image processing
|x Mathematical models
|2 fast
|
| 650 |
|
7 |
|a Natural computation
|2 fast
|
| 655 |
|
7 |
|a Electronic books.
|2 local
|
| 700 |
1 |
|
|a Santhi, V.
|
| 710 |
2 |
|
|a Taylor & Francis.
|
| 758 |
|
|
|i has work:
|a Bio-inspired computing for image and video processing (Text)
|1 https://id.oclc.org/worldcat/entity/E39PCGCctCG7JFtYHwxtRJKKMK
|4 https://id.oclc.org/worldcat/ontology/hasWork
|
| 776 |
0 |
8 |
|z 9781315153797
|z 9781498765930
|z 9781351649834
|z 9781351640312
|
| 856 |
4 |
0 |
|u http://proxy.library.tamu.edu/login?url=https://www.taylorfrancis.com/books/9781315153797
|z Connect to the full text of this electronic book
|t 0
|
| 955 |
|
|
|a Taylor and Francis ENGnetBASE
|
| 955 |
|
|
|a Taylor and Francis MATHnetBASE
|
| 994 |
|
|
|a 92
|b TXA
|
| 999 |
f |
f |
|s b850fc4e-9f20-4d83-a729-b5451ed57573
|i 7789cac9-a98e-480b-a7b4-cc53192252b2
|t 0
|
| 952 |
f |
f |
|a Texas A&M University
|b College Station
|c Electronic Resources
|d Available Online
|t 0
|e QA76.9.N37
|h Library of Congress classification
|
| 998 |
f |
f |
|a QA76.9.N37
|t 0
|l Available Online
|